UBT Library

CLINICAL MANIFESSTATIONS AND ASSESSMENT OF RASPIRATORY DISEASE (Record no. 59394)

000 -LEADER
fixed length control field 00371nam a22001457a 4500
008 - FIXED-LENGTH DATA ELEMENTS--GENERAL INFORMATION
fixed length control field 230320b ||||| |||| 00| 0 eng d
020 ## - INTERNATIONAL STANDARD BOOK NUMBER
International Standard Book Number 9780323057271
041 ## - LANGUAGE CODE
Language code of text/sound track or separate title eng
080 ## - UNIVERSAL DECIMAL CLASSIFICATION NUMBER
Edition identifier SIXTH EDITION
Universal Decimal Classification number 61
082 ## - DEWEY DECIMAL CLASSIFICATION NUMBER
Classification number 61JAR
100 ## - Rafti
Rafti 3
101 ## - Shkurtesa
Shkurtesa MJEKSI
245 ## - TITLE STATEMENT
Title CLINICAL MANIFESSTATIONS AND ASSESSMENT OF RASPIRATORY DISEASE
Statement of responsibility, etc JARDINS D.T
942 ## - ADDED ENTRY ELEMENTS (KOHA)
Source of classification or shelving scheme
Item type Books
Holdings
Withdrawn status Lost status Source of classification or shelving scheme Damaged status Not for loan Collection code Permanent location Current location Date acquired Total Checkouts Full call number Barcode Date last seen Price effective from Koha item type
          Koleksioni i përgjithshem UBT - Lipjan UBT - Lipjan 03/20/2023   61JAR 002-80002687 03/20/2023 03/20/2023 Books
          Koleksioni i përgjithshem UBT - Lipjan UBT - Lipjan 03/20/2023   61JAR 002-80002688 03/20/2023 03/20/2023 Books
          Koleksioni i përgjithshem UBT - Lipjan UBT - Lipjan 03/28/2023   61BUR 002-80003050 03/28/2023 03/28/2023 Books
          Koleksioni i përgjithshem UBT - Lipjan UBT - Lipjan 03/28/2023   61BUR 002-80003051 03/28/2023 03/28/2023 Books
          Koleksioni i përgjithshem UBT - Lipjan UBT - Lipjan 03/28/2023   61BUR 002-80003052 03/28/2023 03/28/2023 Books
          Koleksioni i përgjithshem UBT - Lipjan UBT - Lipjan 03/30/2023   61JAR 002-80004018 03/30/2023 03/30/2023 Books
          Koleksioni i përgjithshem UBT - Lipjan UBT - Lipjan 03/30/2023   61JAR 002-80004019 03/30/2023 03/30/2023 Books
          Koleksioni i përgjithshem UBT - Lipjan UBT - Lipjan 03/30/2023   61JAR 002-80004020 03/30/2023 03/30/2023 Books
          Koleksioni i përgjithshem UBT - Lipjan UBT - Lipjan 03/30/2023   61JAR 002-80004021 03/30/2023 03/30/2023 Books
UBT Library © 2015-2024. All rights reserved University Education for Business and Technology